Statistiques concernant Pokémon Français

Cliquez ici pour prendre le quiz!

Statistiques générales

  • Ce quiz a été pris 21 fois
    (11 depuis la dernière actualisation)
  • Le résultat moyen est 105 sur 493

Statistiques - réponses

PokédexPokémon% Correct
#025Pikachu
90%
#005Reptincel
90%
#004Salamèche
90%
#007Carapuce
80%
#026Raichu
80%
#001Bulbizarre
70%
#008Carabaffe
70%
#006Dracaufeu
70%
#003Florizarre
70%
#002Herbizarre
70%
#009Tortank
70%
#134Aquali
60%
#148Draco
60%
#133Évoli
60%
#151Mew
60%
#172Pichu
60%
#136Pyroli
60%
#149Dracolosse
50%
#471Givrali
50%
#250Ho-Oh
50%
#249Lugia
50%
#150Mewtwo
50%
#052Miaouss
50%
#147Minidraco
50%
#122M. Mime
50%
#088Tadmorv
50%
#135Voltali
50%
#059Arcanin
40%
#013Aspicot
40%
#070Boustiflor
40%
#058Caninos
40%
#014Coconfort
40%
#094Ectoplasma
40%
#125Élektek
40%
#130Léviator
40%
#345Lilia
40%
#448Lucario
40%
#066Machoc
40%
#067Machopeur
40%
#129Magicarpe
40%
#196Mentali
40%
#132Métamorph
40%
#439Mime Jr
40%
#197Noctali
40%
#041Nosferapti
40%
#095Onix
40%
#012Papilusion
40%
#021Piafabec
40%
#474Porygon-Z
40%
#142Ptéra
40%
#074Racaillou
40%
#019Rattata
40%
#020Rattatac
40%
#018Roucarnage
40%
#016Roucool
40%
#017Roucoups
40%
#120Stari
40%
#208Steelix
40%
#245Suicune
40%
#146Sulfura
40%
#100Voltorbe
40%
#063Abra
30%
#055Akwakwak
30%
#065Alakazam
30%
#160Aligatueur
30%
#139Amonistar
30%
#138Amonita
30%
#493Arceus
30%
#144Artikodin
30%
#349Barpau
30%
#083Canarticho
30%
#445Carchacrok
30%
#010Chenipan
30%
#265Chenipotte
30%
#069Chétiflor
30%
#011Chrysacier
30%
#366Coquiperl
30%
#482Créfadet
30%
#481Créfollet
30%
#015Dardargnan
30%
#491Darkrai
30%
#229Démolosse
30%
#483Dialga
30%
#373Drattak
30%
#145Électhor
30%
#101Électrode
30%
#239Élekid
30%
#071Empiflor
30%
#092Fantominus
30%
#305Galegon
30%
#304Galekid
30%
#306Galeking
30%
#487Giratina
30%
#075Gravalanch
30%
#443Griknot
30%
#076Grolem
30%
#089Grotadmorv
30%
#155Héricendre
30%
#123Insécateur
30%
#140Kabuto
30%
#141Kabutops
30%
#064Kadabra
30%
#090Kokiyas
30%
#382Kyogre
30%
#124Lippoutou
30%
#068Mackogneur
30%
#240Magby
30%
#126Magmar
30%
#081Magnéti
30%
#296Makuhita
30%
#350Milobellus
30%
#479Motisma
30%
#034Nidoking
30%
#031Nidoqueen
30%
#029 | #032Nidoran
30%
#030Nidorina
30%
#033Nidorino
30%
#042Nosferalto
30%
#169Nostenfer
30%
#390Ouisticram
30%
#484Palkia
30%
#053Persian
30%
#470Phyllali
30%
#118Poissirène
30%
#119Poissoroy
30%
#077Ponyta
30%
#054Psykokwak
30%
#060Ptitard
30%
#243Raikou
30%
#022Rapasdepic
30%
#384Rayquaza
30%
#039Rondoudou
30%
#143Ronflex
30%
#027Sabelette
30%
#028Sablaireau
30%
#114Saquedeneu
30%
#096Soporifik
30%
#093Spectrum
30%
#121Staross
30%
#062Tartard
30%
#050Taupiqueur
30%
#061Têtarte
30%
#393Tiplouf
30%
#051Triopiqueur
30%
#201Zarbi
30%
#023Abo
20%
#049Aéromite
20%
#334Altaria
20%
#416Apireine
20%
#415Apitrini
20%
#024Arbok
20%
#437Archéodong
20%
#436Archéomire
20%
#252Arcko
20%
#266Armulys
20%
#194Axoloto
20%
#339Barloche
20%
#425Baudrive
20%
#268Blindalys
20%
#388Boskara
20%
#465Bouldeneu
20%
#257Braségali
20%
#295Brouhabam
20%
#323Camérupt
20%
#251Celebi
20%
#322Chamallot
20%
#412Cheniti
20%
#391Chimpenfeu
20%
#212Cizayox
20%
#454Coatox
20%
#221Cochignon
20%
#057Colossinge
20%
#453Cradopaud
20%
#480Créhelf
20%
#488Cresselia
20%
#159Crocrodil
20%
#386Deoxys
20%
#410Dinoclier
20%
#085Dodrio
20%
#084Doduo
20%
#371Draby
20%
#372Drackhaus
20%
#309Dynavolt
20%
#241Écrémeuh
20%
#466Élekable
20%
#246Embrylex
20%
#244Entei
20%
#358Éoko
20%
#056Férosinge
20%
#038Feunard
20%
#156Feurisson
20%
#080Flagadoss
20%
#259Flobio
20%
#256Galifeu
20%
#078Galopa
20%
#282Gardevoir
20%
#152Germignon
20%
#203Girafarig
20%
#258Gobou
20%
#037Goupix
20%
#262Grahyèna
20%
#273Grainipiot
20%
#210Granbull
20%
#040Grodoudou
20%
#426Grodrive
20%
#383Groudon
20%
#297Hariyama
20%
#485Heatran
20%
#192Héliatronc
20%
#163Hoothoot
20%
#097Hypnomade
20%
#116Hypotrempe
20%
#182Joliflor
20%
#254Jungko
20%
#158Kaiminus
20%
#399Keunotor
20%
#106Kicklee
20%
#099Krabboss
20%
#098Krabby
20%
#328Kraknoix
20%
#260Laggron
20%
#171Lanturn
20%
#427Laporeille
20%
#380Latias
20%
#381Latios
20%
#242Leuphorie
20%
#113Leveinard
20%
#330Libégon
20%
#403Lixy
20%
#428Lockpin
20%
#131Lokhlass
20%
#404Luxio
20%
#405Luxray
20%
#153Macronium
20%
#467Maganon
20%
#429Magirêve
20%
#082Magnéton
20%
#462Magnézone
20%
#228Malosse
20%
#473Mammochon
20%
#490Manaphy
20%
#195Maraiste
20%
#220Marcacrin
20%
#253Massko
20%
#261Medhyèna
20%
#307Méditikka
20%
#154Méganium
20%
#173Mélo
20%
#036Mélodelfe
20%
#035Mélofée
20%
#376Métalosse
20%
#375Métang
20%
#048Mimitoss
20%
#292Munja
20%
#418Mustébouée
20%
#419Mustéflott
20%
#043Mystherbe
20%
#312Négapi
20%
#103Noadkoko
20%
#164Noarfang
20%
#477Noctunoir
20%
#102Noeunoeuf
20%
#224Octillery
20%
#362Oniglali
20%
#105Ossatueur
20%
#104Osselait
20%
#417Pachirisu
20%
#269Papinox
20%
#489Phione
20%
#395Pingoléon
20%
#137Porygon
20%
#233Porygon2
20%
#311Posipi
20%
#255Poussifeu
20%
#394Prinplouf
20%
#440Ptiravi
20%
#045Rafflesia
20%
#079Ramoloss
20%
#378Regice
20%
#486Regigigas
20%
#377Regirock
20%
#379Registeel
20%
#111Rhinocorne
20%
#112Rhinoféros
20%
#447Riolu
20%
#199Roigada
20%
#315Rosélia
20%
#407Roserade
20%
#406Rozbouton
20%
#127Scarabrute
20%
#337Séléroc
20%
#492Shaymin
20%
#392Simiabraz
20%
#185Simularbre
20%
#109Smogo
20%
#110Smogogo
20%
#442Spiritomb
20%
#299Tarinor
20%
#476Tarinorme
20%
#302Ténéfix
20%
#275Tengalice
20%
#072Tentacool
20%
#073Tentacruel
20%
#356Téraclope
20%
#374Terhal
20%
#175Togepi
20%
#389Torterra
20%
#387Tortipouss
20%
#191Tournegrin
20%
#157Typhlosion
20%
#248Tyranocif
20%
#217Ursaring
20%
#346Vacilys
20%
#329Vibraninf
20%
#455Vortente
20%
#320Wailmer
20%
#321Wailord
20%
#359Absol
10%
#227Airmure
10%
#347Anorith
10%
#283Arakdo
10%
#348Armaldo
10%
#184Azumarill
10%
#298Azurill
10%
#458Babimanta
10%
#343Balbuto
10%
#340Barbicha
10%
#411Bastiodon
10%
#460Blizzaroi
10%
#459Blizzi
10%
#354Branette
10%
#225Cadoizo
10%
#424Capidextre
10%
#190Capumain
10%
#213Caratroc
10%
#444Carmache
10%
#400Castorno
10%
#234Cerfrousse
10%
#432Chaffreux
10%
#431Chaglam
10%
#409Charkos
10%
#267Charmillon
10%
#308Charmina
10%
#324Chartor
10%
#413Cheniselle
10%
#293Chuchmur
10%
#222Corayon
10%
#430Corboss
10%
#198Cornèbre
10%
#189Cotovol
10%
#463Coudlangue
10%
#165Coxy
10%
#166Coxyclaque
10%
#401Crikzik
10%
#091Crustabri
10%
#236Debugant
10%
#226Démanta
10%
#461Dimoret
10%
#232Donphan
10%
#310Élecsprint
10%
#398Étouraptor
10%
#396Étourmi
10%
#397Étourvol
10%
#108Excelangue
10%
#215Farfuret
10%
#188Floravol
10%
#205Foretress
10%
#162Fouinar
10%
#161Fouinette
10%
#475Gallame
10%
#446Goinfrex
10%
#187Granivol
10%
#326Groret
10%
#277Hélédelle
10%
#450Hippodocus
10%
#449Hippopotas
10%
#117Hypocéan
10%
#230Hyporoi
10%
#206Insolourdo
10%
#385Jirachi
10%
#365Kaimorse
10%
#115Kangourex
10%
#344Kaorine
10%
#352Kecleon
10%
#281Kirlia
10%
#433Korillon
10%
#408Kranidos
10%
#180Lainergie
10%
#087Lamantine
10%
#218Limagma
10%
#264Linéon
10%
#238Lippouti
10%
#271Lombre
10%
#170Loupio
10%
#370Lovdisc
10%
#272Ludicolo
10%
#335Mangriff
10%
#438Manzaï
10%
#183Marill
10%
#284Maskadra
10%
#168Migalos
10%
#167Mimigal
10%
#478Momartik
10%
#289Monaflèmit
10%
#351Morphéo
10%
#435Moufflair
10%
#434Moufouette
10%
#313Muciole
10%
#303Mysdibule
10%
#270Nénupiot
10%
#290Ningale
10%
#291Ninjask
10%
#276Nirondelle
10%
#363Obalie
10%
#044Ortide
10%
#086Otaria
10%
#046Paras
10%
#047Parasect
10%
#287Parecool
10%
#231Phanpy
10%
#181Pharamp
10%
#364Phogleur
10%
#274Pifeuil
10%
#441Pijako
10%
#353Polichombr
10%
#204Pomdepik
10%
#235Queulorior
10%
#202Qulbutoké
10%
#294Ramboum
10%
#369Relicanth
10%
#223Rémoraid
10%
#464Rhinastoc
10%
#368Rosabyss
10%
#422Sancoki
10%
#214Scarhino
10%
#367Serpang
10%
#336Séviper
10%
#319Sharpedo
10%
#355Skelénox
10%
#209Snubbull
10%
#338Solaroc
10%
#327Spinda
10%
#325Spoink
10%
#361Stalgamin
10%
#186Tarpaud
10%
#280Tarsal
10%
#128Tauros
10%
#216Teddiursa
10%
#468Togekiss
10%
#176Togetic
10%
#174Toudoudou
10%
#.357Tropius
10%
#107Tygnon
10%
#333Tylton
10%
#288Vigoroth
10%
#219Volcaropod
10%
#179Wattouat
10%
#193Yanma
10%
#469Yanmega
10%
#247Ymphect
10%
#263Zigzaton
10%
#317Avaltout
0%
#285Balignon
0%
#279Bekipan
0%
#331Cacnea
0%
#332Cacturne
0%
#318Carvanha
0%
#420Ceribou
0%
#421Ceriflor
0%
#286Chapignon
0%
#342Colhomard
0%
#301Delcatty
0%
#452Drascore
0%
#456Écayon
0%
#341Écrapince
0%
#200Feuforêve
0%
#316Gloupti
0%
#278Goélise
0%
#237Kapoera
0%
#457Luminéon
0%
#314Lumivole
0%
#402Mélokrik
0%
#177Natu
0%
#360Okéoké
0%
#414Papilord
0%
#211Qwilfish
0%
#451Rapion
0%
#207Scorplane
0%
#472Scorvol
0%
#300Skitty
0%
#423Tritosor
0%
#178Xatu
0%

Distribution des résultats

Percentile par nombre de réponses

% des personnes avec chaque résultat

Votre développement - résultats

Vous n’avez pas pris ce quiz depuis la dernière actualisation